Právna prax v oblasti finančných derivátov na Slovensku diplomová práca

Salvato in:
Dettagli Bibliografici
Autore principale: Világi, Róbert, 1985-
Ente Autore: Obchodná fakulta EU. Katedra medzinárodného obchodu
Altri autori: Poliačik, Ivan
Natura: Libro
Lingua:slovacco
Pubblicazione: Bratislava 2009
Tags: Aggiungi Tag
Nessun Tag, puoi essere il primo ad aggiungerne!!

MARC

LEADER 00000nam$a2200000$$$4500
001 0101151
005 20240318133818.3
041 0 |a slo 
044 |a SK 
245 1 0 |a Právna prax v oblasti finančných derivátov na Slovensku  |b diplomová práca  |c Róbert Világi ; škol. Ivan Poliačik 
264 1 |a Bratislava  |c 2009 
300 |a 66 s. 
100 1 |a Világi, Róbert, 1985- 
700 1 |a Poliačik, Ivan 
710 2 |a Obchodná fakulta EU. Katedra medzinárodného obchodu